[Event "Verden op-A"]
[Site "Verden"]
[Date "2023.01.07"]
[Round "5"]
[White "Schiller, Jan Hendrik"]
[Black "Koch, Yannick"]
[Result "0-1"]
[WhiteElo "1879"]
[BlackElo "2071"]
[PlyCount "50"]
[EventDate "2023.01.05"]
[EventType "swiss"]
[EventRounds "7"]
[EventCountry "GER"]
[SourceTitle "CBM 212 Extra"]
[Source "ChessBase"]
[SourceDate "2023.03.31"]
[SourceVersion "1"]
[SourceVersionDate "2023.03.31"]
[SourceQuality "1"]

1. Nf3 d5 2. g3 c5 3. Bg2 Nc6 4. d4 e6 5. 0-0 Nf6 6. c4 dxc4 7. dxc5 Qxd1 8. Rxd1 Bxc5 9. Nbd2 c3 10. bxc3 0-0 11. Ne1 Rd8 12. Nd3 Be7 13. Nc4 Nd5 14. Bb2 f6 15. Nd2 e5 16. Nb3 Bg4 17. Kf1 Nb6 18. Rac1 Nc4 19. Ba1 Ba3 20. Rb1 Rac8 21. Ke1 b6 22. Ndc5 bxc5 23. Bd5+ Rxd5 24. Rxd5 Be6 25. Rdd1 Bf5 0-1

[Event "GER-ch NSV Online 1st"]
[Site "Playchess.com INT"]
[Date "2020.04.26"]
[Round "10"]
[White "Schiller, Jan Hendrik"]
[Black "Kettner Nikolaus, Frank"]
[Result "0-1"]
[WhiteElo "1871"]
[BlackElo "1950"]
[PlyCount "60"]
[EventDate "2020.04.26"]
[EventType "swiss (blitz)"]
[EventRounds "13"]
[EventCountry "GER"]
[SourceTitle "CBM 196 Extra"]
[Source "ChessBase"]
[SourceDate "2020.07.31"]
[SourceVersion "1"]
[SourceVersionDate "2020.07.31"]
[SourceQuality "1"]

1. d4 e6 2. Bf4 b6 3. e3 Bb7 4. Nf3 f5 5. c4 Nf6 6. h3 Bb4+ 7. Nbd2 0-0 8. a3 Bxd2+ 9. Qxd2 Ne4 10. Qc2 d6 11. Bd3 Nd7 12. 0-0-0 Qe7 13. g4 c5 14. Rhg1 cxd4 15. gxf5 exf5 16. exd4 Rac8 17. Kb1 d5 18. Ng5 Kh8 19. Nxe4 fxe4 20. Bg5 exd3 21. Qxd3 Qf7 22. Ka1 dxc4 23. Qg3 Nf6 24. Qe5 c3 25. bxc3 Rxc3 26. Bc1 Re8 27. Qd6 Re2 28. Bb2 Rxb2 29. Qb8+ Ng8 30. d5 Qxf2 0-1

[Event "Niedersachsen-ch op-A"]
[Site "Verden an der Aller"]
[Date "2020.01.03"]
[Round "4"]
[White "Kiesel, Lucas"]
[Black "Schiller, Jan Hendrik"]
[Result "1-0"]
[WhiteElo "1989"]
[BlackElo "1866"]
[PlyCount "99"]
[EventDate "2020.01.02"]
[EventType "swiss"]
[EventRounds "7"]
[EventCountry "GER"]
[SourceTitle "EXT 2023"]
[Source "ChessBase"]
[SourceDate "2022.10.05"]
[SourceVersion "1"]
[SourceVersionDate "2022.10.05"]
[SourceQuality "1"]

1. d4 Nf6 2. Nf3 g6 3. c4 c5 4. Nc3 Bg7 5. Bg5 0-0 6. e3 d6 7. Bd3 Na6 8. 0-0 Nc7 9. h3 Rb8 10. Qe2 b6 11. Rfd1 Re8 12. Rac1 Ne6 13. Bh4 Nh5 14. Bb1 Nc7 15. b3 Bd7 16. dxc5 bxc5 17. Rxd6 Qc8 18. Rd2 Bc6 19. Nd5 Bxd5 20. cxd5 Nb5 21. Rdc2 Qd7 22. Rxc5 Nc3 23. R5xc3 Bxc3 24. Rxc3 Qxd5 25. Bd3 h6 26. Bc4 Qe4 27. Rc1 Rbc8 28. Rd1 Red8 29. Bd3 Nf4 30. exf4 Qxe2 31. Bxe2 Rxd1+ 32. Bxd1 Rc1 33. Bxe7 Rxd1+ 34. Kh2 a6 35. Bb4 Kg7 36. Nd2 Rc1 37. Kg3 Rc6 38. Kf3 f5 39. Nc4 Kf6 40. h4 h5 41. Ke3 Ke6 42. Kd4 Rc8 43. Bc5 Rd8+ 44. Bd6 Rc8 45. b4 Re8 46. a4 Kd7 47. Kd5 Re2 48. Ne5+ Kc8 49. Bc5 Rd2+ 50. Ke6 1-0

[Event "Niedersachsen-ch op A"]
[Site "Verden"]
[Date "2019.01.05"]
[Round "6"]
[White "Schiller, Jan Hendrik"]
[Black "Hesse, Juergen"]
[Result "1/2-1/2"]
[WhiteElo "1822"]
[BlackElo "1888"]
[PlyCount "33"]
[EventDate "2019.01.03"]
[EventType "swiss"]
[EventRounds "7"]
[EventCountry "GER"]
[SourceTitle "EXT 2022"]
[Source "ChessBase"]
[SourceDate "2021.10.06"]
[SourceVersion "1"]
[SourceVersionDate "2021.10.06"]
[SourceQuality "1"]

1. d4 Nf6 2. Bf4 g6 3. Nc3 d6 4. e4 c6 5. Qd2 Bg7 6. f3 h5 7. Bc4 b5 8. Bb3 a5 9. a4 b4 10. Nd1 Na6 11. Nf2 Nc7 12. Ne2 Be6 13. Bxe6 Nxe6 14. Be3 Qc7 15. 0-0 0-0 16. Bh6 Kh7 17. Bxg7 1/2-1/2

[Event "Bremen Silvester op"]
[Site "Bremen"]
[Date "2018.12.29"]
[Round "6"]
[White "Nordhorn, Horst"]
[Black "Schiller, Jan Hendrik"]
[Result "0-1"]
[WhiteElo "1735"]
[BlackElo "1829"]
[PlyCount "46"]
[EventDate "2018.12.27"]
[EventType "swiss"]
[EventRounds "7"]
[EventCountry "GER"]
[SourceTitle "CBM 188 Extra"]
[Source "ChessBase"]
[SourceDate "2019.02.26"]
[SourceVersion "1"]
[SourceVersionDate "2019.02.26"]
[SourceQuality "1"]

1. b4 c6 2. Bb2 d5 3. e3 Bf5 4. Nf3 e6 5. a3 Nd7 6. c4 dxc4 7. Bxc4 Nb6 8. Be2 Bd3 9. 0-0 f6 10. Nd4 Bxe2 11. Qxe2 e5 12. Nb3 Qd5 13. Na5 Na4 14. Nc3 Nxc3 15. dxc3 Qf7 16. Rfd1 Nh6 17. Rd2 Rd8 18. Rad1 Rxd2 19. Qxd2 Qc7 20. Nxb7 Nf7 21. Na5 Be7 22. c4 0-0 23. Qd7 Rd8 0-1

[Event "Bremen Silvester op"]
[Site "Bremen"]
[Date "2018.12.27"]
[Round "1"]
[White "Schiller, Jan Hendrik"]
[Black "Mueller, Oliver"]
[Result "0-1"]
[WhiteElo "1829"]
[BlackElo "2250"]
[PlyCount "62"]
[EventDate "2018.12.27"]
[EventType "swiss"]
[EventRounds "7"]
[EventCountry "GER"]
[SourceTitle "CBM 188 Extra"]
[Source "ChessBase"]
[SourceDate "2019.02.26"]
[SourceVersion "1"]
[SourceVersionDate "2019.02.26"]
[SourceQuality "1"]

1. d4 d6 2. Bf4 g6 3. Nc3 Bg7 4. Qd2 Nd7 5. Nf3 c6 6. e4 e5 7. dxe5 dxe5 8. Be3 Ngf6 9. 0-0-0 Qe7 10. h3 0-0 11. Bh6 Nc5 12. Bxg7 Kxg7 13. Qg5 Re8 14. Bd3 b5 15. Rhe1 Nxd3+ 16. Rxd3 a5 17. Qe3 a4 18. Red1 b4 19. Ne2 Qe6 20. Kb1 Qc4 21. Nd2 Qe6 22. Nf3 Qc4 23. Nd2 Qb5 24. a3 Be6 25. Nc1 Reb8 26. axb4 Qxb4 27. b3 axb3 28. cxb3 c5 29. Rc3 c4 30. Kc2 cxb3+ 31. Ncxb3 Ra2+ 0-1

[Event "Niedersachsen-ch op-C"]
[Site "Verden"]
[Date "2017.01.08"]
[Round "7"]
[White "Kielpinski, Maximilian"]
[Black "Schiller, Jan Hendrik"]
[Result "1-0"]
[WhiteElo "1953"]
[BlackElo "1791"]
[PlyCount "85"]
[EventDate "2017.01.05"]
[EventType "swiss"]
[EventRounds "7"]
[EventCountry "GER"]
[SourceTitle "CBM 187 Extra"]
[Source "ChessBase"]
[SourceDate "2018.11.04"]
[SourceVersion "1"]
[SourceVersionDate "2018.11.04"]
[SourceQuality "1"]

1. Nf3 Nf6 2. g3 g6 3. Bg2 Bg7 4. 0-0 0-0 5. d3 d6 6. Nbd2 Nbd7 7. e4 e5 8. c3 Nc5 9. Qc2 Re8 10. Re1 Ne6 11. d4 exd4 12. cxd4 Ng4 13. Nb3 Nf8 14. h3 Nh6 15. Bg5 f6 16. Bf4 Nf7 17. Rad1 c6 18. Qc1 Qb6 19. Nh2 Bd7 20. Be3 f5 21. e5 dxe5 22. dxe5 Qc7 23. f4 Be6 24. Qc2 Nxe5 25. fxe5 Bxe5 26. Bf4 Bxf4 27. gxf4 Qxf4 28. Nc5 Bd5 29. Bxd5+ cxd5 30. Rxe8 Rxe8 31. Qd3 d4 32. Qxd4 Qg3+ 33. Kh1 Re2 34. Qc4+ Ne6 35. Qxe2 Nf4 36. Qe8+ Kg7 37. Rd7+ Kh6 38. Qf8+ Kg5 39. h4+ Kxh4 40. Qf6+ g5 41. Rxh7+ Nh5 42. Qxf5 Qe1+ 43. Nf1 1-0

[Event "Niedersachsen-ch op-B"]
[Site "Verden"]
[Date "2016.01.04"]
[Round "4"]
[White "Schiller, Jan Hendrik"]
[Black "Sommer, Andreas"]
[Result "1-0"]
[WhiteElo "1754"]
[BlackElo "1773"]
[PlyCount "59"]
[EventDate "2016.01.03"]
[EventType "swiss"]
[EventRounds "7"]
[EventCountry "GER"]
[SourceTitle "EXT 2018"]
[Source "ChessBase"]
[SourceDate "2017.10.13"]
[SourceVersion "1"]
[SourceVersionDate "2017.10.13"]
[SourceQuality "1"]

1. d4 d5 2. Nf3 Nf6 3. c4 c6 4. e3 a6 5. c5 Bg4 6. Nbd2 Nbd7 7. Qc2 e6 8. h3 Bf5 9. Bd3 Bxd3 10. Qxd3 Be7 11. a3 0-0 12. 0-0 Qc7 13. b4 b6 14. Nb3 bxc5 15. Nxc5 Nxc5 16. bxc5 Rfb8 17. Bd2 Ne4 18. Rfb1 a5 19. Be1 f5 20. Rxb8+ Rxb8 21. Rb1 Rxb1 22. Qxb1 Bd8 23. Ne5 Kf8 24. Qb6 Nf6 25. Qxc6 Qe7 26. Qa6 Bc7 27. Nc6 Qd7 28. Bxa5 Ne8 29. Bxc7 Nxc7 30. Qb7 1-0

[Event "Niedersachsen-ch op-B"]
[Site "Verden"]
[Date "2016.01.03"]
[Round "1"]
[White "Mumm, Karen"]
[Black "Schiller, Jan Hendrik"]
[Result "1-0"]
[WhiteElo "1371"]
[BlackElo "1754"]
[PlyCount "161"]
[EventDate "2016.01.03"]
[EventType "swiss"]
[EventRounds "7"]
[EventCountry "GER"]
[SourceTitle "EXT 2018"]
[Source "ChessBase"]
[SourceDate "2017.10.13"]
[SourceVersion "1"]
[SourceVersionDate "2017.10.13"]
[SourceQuality "1"]

1. e4 e6 2. d4 d5 3. Nc3 Bb4 4. e5 f6 5. Nf3 fxe5 6. Nxe5 Nf6 7. Bg5 0-0 8. Bd3 c5 9. a3 Bxc3+ 10. bxc3 c4 11. Be2 Qa5 12. Bd2 Ne4 13. 0-0 Nxc3 14. Qe1 Nxe2+ 15. Qxe2 Qd8 16. Bb4 Rf6 17. a4 Nc6 18. Nxc6 bxc6 19. a5 a6 20. Bd2 Qd6 21. g3 Ra7 22. Bf4 Qf8 23. Be5 Rf3 24. Kg2 Rb7 25. Qxf3 Rf7 26. Qe2 c5 27. c3 cxd4 28. cxd4 Bd7 29. Qb2 Bb5 30. Qa3 Qc8 31. Rfc1 Rb7 32. Rab1 Qe8 33. Rb4 Qg6 34. Re1 Qf5 35. Rxb5 axb5 36. a6 Rf7 37. Qe3 Qe4+ 38. Qxe4 dxe4 39. Ra1 Ra7 40. Bd6 c3 41. Ra5 c2 42. Ba3 b4 43. Bb2 Kf7 44. Ra4 b3 45. Ra3 Ke7 46. Rxb3 Rxa6 47. Rc3 Ra2 48. Rxc2 Kd6 49. Re2 Kd5 50. Kf1 Kc4 51. Rxe4 Rxb2 52. Rxe6 Rb7 53. Re4 Kd5 54. Rh4 h6 55. Ke2 Rb2+ 56. Kf3 Rb3+ 57. Kg2 Rb2 58. Rg4 Rb7 59. Kh3 Ke6 60. Re4+ Kf6 61. d5 Rd7 62. Rd4 Ke5 63. Rd1 Rxd5 64. Rxd5+ Kxd5 65. Kg4 g6 66. Kf4 Ke6 67. h4 Kf6 68. Kg4 Ke5 69. f3 Kf6 70. Kf4 g5+ 71. hxg5+ hxg5+ 72. Ke4 Ke6 73. g4 Kf6 74. Kd5 Kg7 75. Ke6 Kg6 76. Ke5 Kh7 77. Kf5 Kh6 78. Kf6 Kh7 79. Kxg5 Kg7 80. f4 Kg8 81. Kg6 1-0

[Event "Niedersachsen-ch op-B"]
[Site "Verden"]
[Date "2016.01.03"]
[Round "2"]
[White "Schiller, Jan Hendrik"]
[Black "Kardoeus, Jens"]
[Result "1/2-1/2"]
[WhiteElo "1754"]
[BlackElo "1476"]
[PlyCount "142"]
[EventDate "2016.01.03"]
[EventType "swiss"]
[EventRounds "7"]
[EventCountry "GER"]
[SourceTitle "EXT 2018"]
[Source "ChessBase"]
[SourceDate "2017.10.13"]
[SourceVersion "1"]
[SourceVersionDate "2017.10.13"]
[SourceQuality "1"]

1. f4 Nc6 2. Nf3 d5 3. d4 Nf6 4. e3 Bg4 5. Be2 e6 6. 0-0 Bd6 7. Nbd2 Qe7 8. c3 h6 9. Ne5 Bxe2 10. Qxe2 h5 11. Ndf3 Ne4 12. Qb5 Bxe5 13. Nxe5 0-0 14. Nxc6 bxc6 15. Qxc6 h4 16. b3 g5 17. Bb2 Nd2 18. Rf2 Ne4 19. Re2 g4 20. c4 Rad8 21. cxd5 Rxd5 22. Rc1 g3 23. h3 Qf6 24. Qxc7 Qf5 25. Qe7 Qh5 26. Rec2 Qh7 27. Rc8 Rxc8 28. Rxc8+ Kg7 29. Qf8+ Kf6 30. Qh8+ Kg6 31. Qxh7+ Kxh7 32. Rc7 Kg6 33. Rxa7 Rd8 34. Rc7 Nf6 35. Rc2 Nd5 36. Re2 Rc8 37. Kf1 Nb4 38. a3 Nd5 39. b4 Nb6 40. Ke1 Kf5 41. Kd1 Ke4 42. Bc1 Nd5 43. Bd2 Ra8 44. Kc2 Rxa3 45. Kb2 Kd3 46. Kxa3 Kxe2 47. e4 Ne3 48. Bxe3 Kxe3 49. d5 Kf2 50. d6 Kxg2 51. d7 Kxh3 52. d8Q g2 53. Qg5 f6 54. Qxf6 g1Q 55. Qxe6+ Kh2 56. f5 Qa7+ 57. Kb3 h3 58. Qd6+ Kg2 59. Qg6+ Kh1 60. f6 Qe3+ 61. Kc4 Qc1+ 62. Kb5 Qf1+ 63. Ka5 Qa1+ 64. Kb6 Qd4+ 65. Ka5 Qa1+ 66. Kb5 Qe5+ 67. Kc4 Qe6+ 68. Kc5 Qc8+ 69. Kd6 h2 70. e5 Qb8+ 71. Ke6 Qb6+ 1/2-1/2

[Event "Niedersachsen-ch op-A"]
[Site "Verden"]
[Date "2015.01.05"]
[Round "7"]
[White "Schiller, Jan Hendrik"]
[Black "Freitag, Christian"]
[Result "1/2-1/2"]
[WhiteElo "1745"]
[BlackElo "1845"]
[PlyCount "43"]
[EventDate "2015.01.02"]
[EventType "swiss"]
[EventRounds "7"]
[EventCountry "GER"]
[SourceTitle "EXT 2018"]
[Source "ChessBase"]
[SourceDate "2017.10.13"]
[SourceVersion "1"]
[SourceVersionDate "2017.10.13"]
[SourceQuality "1"]

1. d4 d5 2. c4 e6 3. e3 Nf6 4. Nf3 Nbd7 5. Be2 dxc4 6. Bxc4 c5 7. 0-0 a6 8. a4 b6 9. Nc3 cxd4 10. exd4 Bb7 11. Re1 Be7 12. d5 exd5 13. Bxd5 Bxd5 14. Nxd5 Nxd5 15. Qxd5 0-0 16. Be3 Bf6 17. Rad1 Nc5 18. Bxc5 Qxd5 19. Rxd5 bxc5 20. Rxc5 Bxb2 21. Rd1 Rac8 22. Rxc8 1/2-1/2

[Event "Niedersachsen-ch op-A"]
[Site "Verden"]
[Date "2015.01.04"]
[Round "5"]
[White "Heyne, Jan Hendrik"]
[Black "Schiller, Jan Hendrik"]
[Result "1-0"]
[WhiteElo "1784"]
[BlackElo "1745"]
[PlyCount "117"]
[EventDate "2015.01.02"]
[EventType "swiss"]
[EventRounds "7"]
[EventCountry "GER"]
[SourceTitle "EXT 2018"]
[Source "ChessBase"]
[SourceDate "2017.10.13"]
[SourceVersion "1"]
[SourceVersionDate "2017.10.13"]
[SourceQuality "1"]

1. e4 e6 2. d4 d5 3. Bd3 dxe4 4. Bxe4 Nf6 5. Bf3 c5 6. Ne2 Be7 7. 0-0 0-0 8. c4 Qb6 9. Nbc3 cxd4 10. Qxd4 Qxd4 11. Nxd4 Na6 12. a3 Rd8 13. Be3 Rb8 14. Ndb5 Bc5 15. Bg5 Bd7 16. b4 Bxb5 17. Nxb5 Nxb4 18. axb4 Bxb4 19. Nxa7 Rd4 20. Rfc1 e5 21. Nb5 Rd7 22. Rab1 Bc5 23. Nc3 Ba3 24. Rd1 Rc7 25. Bxf6 gxf6 26. Nd5 Rxc4 27. Nxf6+ Kg7 28. Nd7 Re8 29. Bd5 Rd4 30. Rxd4 exd4 31. Nb6 Bc5 32. Kf1 Rd8 33. Bf3 Rd6 34. Nc4 Rd7 35. Rxb7 Rxb7 36. Bxb7 f5 37. f3 Kf6 38. Ke2 h6 39. Kd3 Ba7 40. Bc8 Bc5 41. Nd2 Ke5 42. g3 Ba7 43. f4+ Kf6 44. Nb3 h5 45. Nxd4 h4 46. Nxf5 Bg1 47. Nxh4 Bxh2 48. Nf5 Kg6 49. Ke4 Bg1 50. g4 Bf2 51. Ne3 Bh4 52. f5+ Kf7 53. Kf4 Bd8 54. g5 Bc7+ 55. Kg4 Be5 56. Nd5 Bb2 57. f6 Kg6 58. Bf5+ Kf7 59. g6+ 1-0

[Event "Niedersachsen-ch op-A"]
[Site "Verden"]
[Date "2015.01.03"]
[Round "4"]
[White "Schiller, Jan Hendrik"]
[Black "Schoenfeld, Dietmar"]
[Result "1-0"]
[WhiteElo "1745"]
[BlackElo "1964"]
[PlyCount "101"]
[EventDate "2015.01.02"]
[EventType "swiss"]
[EventRounds "7"]
[EventCountry "GER"]
[SourceTitle "EXT 2018"]
[Source "ChessBase"]
[SourceDate "2017.10.13"]
[SourceVersion "1"]
[SourceVersionDate "2017.10.13"]
[SourceQuality "1"]

1. d4 Nf6 2. c4 g6 3. Nc3 Bg7 4. e4 d6 5. f3 0-0 6. Be3 c6 7. Qd2 a6 8. Bd3 Nbd7 9. Nge2 b5 10. Bh6 bxc4 11. Bxc4 Rb8 12. Bxg7 Kxg7 13. g4 c5 14. h4 cxd4 15. Nxd4 h5 16. Nc6 Ne5 17. Nxe5 dxe5 18. Qxd8 Rxd8 19. g5 Ne8 20. Bb3 Nc7 21. Rd1 Rxd1+ 22. Kxd1 Be6 23. Bxe6 Nxe6 24. b3 Nd4 25. Rf1 Rc8 26. Kd2 f6 27. gxf6+ exf6 28. Kd3 g5 29. b4 Kg6 30. Nd5 Rc2 31. a4 Ra2 32. Nc3 Rh2 33. hxg5 fxg5 34. Kc4 h4 35. Kd5 Kf6 36. Kd6 Rh3 37. Nd5+ Kg6 38. Kxe5 Nxf3+ 39. Ke6 g4 40. Nf4+ Kg5 41. Nxh3+ gxh3 42. Rxf3 Kg4 43. Rf1 h2 44. b5 axb5 45. axb5 Kg3 46. b6 Kg2 47. Rb1 h1Q 48. Rxh1 Kxh1 49. b7 h3 50. b8Q h2 51. Qxh2+ 1-0

[Event "Niedersachsen-ch op-B"]
[Site "Verden"]
[Date "2014.01.05"]
[Round "7"]
[White "Schiller, Jan Hendrik"]
[Black "Schulze, Lara"]
[Result "0-1"]
[WhiteElo "1515"]
[BlackElo "1729"]
[PlyCount "102"]
[EventDate "2014.01.02"]
[EventType "swiss"]
[EventRounds "7"]
[EventCountry "GER"]
[SourceTitle "EXT 2016"]
[Source "ChessBase"]
[SourceDate "2015.10.08"]
[SourceVersion "1"]
[SourceVersionDate "2015.10.08"]
[SourceQuality "1"]

1. Nf3 Nf6 2. d4 d5 3. c4 e6 4. e3 c6 5. Be2 Bd6 6. 0-0 Nbd7 7. cxd5 exd5 8. Nc3 0-0 9. Qc2 Re8 10. Bd3 Nf8 11. e4 dxe4 12. Nxe4 Nxe4 13. Bxe4 Qa5 14. Bd2 Qh5 15. g3 f5 16. Bxc6 bxc6 17. Qxc6 Bd7 18. Qxd6 Qxf3 19. Qf4 Qxf4 20. Bxf4 Re2 21. b4 Re4 22. Be5 Ng6 23. f4 Nxe5 24. dxe5 Rxb4 25. Rfd1 Be6 26. Rd6 Re8 27. Rc1 Re7 28. Ra6 Rb2 29. a3 Kf7 30. Rcc6 Bd5 31. Rd6 Bc4 32. Rac6 Be6 33. Rc3 Reb7 34. Rcc6 Ra2 35. Rd1 Rxa3 36. Rdd6 Ra2 37. Rd1 Ke7 38. Rc5 a5 39. h3 Ra3 40. Rd6 Rb1+ 41. Kf2 Rb2+ 42. Ke1 Ra1+ 43. Rd1 Rxd1+ 44. Kxd1 a4 45. Rc7+ Bd7 46. Ra7 Rb3 47. g4 fxg4 48. hxg4 Re3 49. Ra5 Bxg4+ 50. Kd2 Re4 51. Ra7+ Bd7 0-1